[Event "Chigorin Memorial 25th"]
[Site "St Petersburg"]
[Date "2017.10.21"]
[Round "1"]
[White "Uspenskaya, Ksenia"]
[Black "Zavgorodniaya, Alena"]
[Result "0-1"]
[WhiteElo "1073"]
[BlackElo "2039"]
[PlyCount "68"]
[EventDate "2017.10.21"]
[EventType "swiss"]
[EventRounds "9"]
[EventCountry "RUS"]
[SourceTitle "CBM 181 Extra"]
[Source "ChessBase"]
[SourceDate "2017.12.12"]
[SourceVersion "1"]
[SourceVersionDate "2017.12.12"]
[SourceQuality "1"]

1. d4 d5 2. Bf4 Nf6 3. Nf3 c5 4. e3 Nc6 5. c3 Qb6 6. Qb3 c4 7. Qc2 Bf5 8. Qc1 e6 9. Nbd2 Be7 10. Be2 0-0 11. 0-0 Rfc8 12. h3 h6 13. Ne5 Qd8 14. b3 b5 15. Bf3 Nxe5 16. dxe5 Ne4 17. Bxe4 Bxe4 18. Nxe4 dxe4 19. Rd1 Qc7 20. b4 a5 21. a3 Ra6 22. Rd2 Rca8 23. Rb1 axb4 24. axb4 Ra2 25. Rxa2 Rxa2 26. Ra1 Qa7 27. Rb1 Bh4 28. g3 Be7 29. g4 Bh4 30. Bg3 Bxg3 31. fxg3 Re2 32. Qd1 Qxe3+ 33. Kh1 Qf3+ 34. Kg1 Qg2# 0-1